000
00392nam a2200145Ia 4500
008
100122s9999 xx 000 0 und d
082
_b
55303
_a
824
100
_a
पै शिरीष
245
_a
कोलाज
260
_b
मेहता पब्लिकेशन हाऊस
_c
1998
300
_a
132
630
_a
कोलाज
730
_a
कोलाज
942
_c
BOOK
999
_c
431945
_d
431942